000 00803nam a22002177a 4500
008 130821s1965 it gr dita
040 _aCo-BoUCM
_bspa
041 0 0 _aita
092 _aFM 000542
100 _aBra, Pasquale Da
_9148468
245 1 3 _aIl beato Ignazio da Santhia; un faro sul monte
_cPaquale da Bra
260 _aRoma (Italia)
_bPostulazione Generale dei Cappuccini
_c1965
300 _avi, 306 páginas
500 _aIncluye bibliografía e índice. -- Este libro se encuentra en el depósito de la biblioteca
600 _aIgnazio da Santhià
_cBeato
_d1686-1770
_9148469
600 _aIgnazio da Santhià
_cBeato
_d1686-1770
_vBiografías
_9148470
650 0 4 _aBiografías
_97343
650 0 4 _aVida espiritual
_926229
650 0 4 _aVida religiosa
_926235
942 _cLIBRO
_a27
_e1
_n0
999 _c84429
_d84429